|
|
|
|
| LEADER |
00902cam a2200217 i 4500 |
| 001 |
10079171 |
| 003 |
GR-PaULI |
| 005 |
20210117210640.0 |
| 008 |
180618s1987 gr g 1 gre d |
| 040 |
|
|
|a GR-PaULI
|b gre
|c GR-PaULI
|e AACR2
|
| 041 |
1 |
|
|a gre
|h ger
|
| 082 |
0 |
4 |
|2 22
|a 833.8
|
| 100 |
1 |
|
|9 26427
|a Kafka, Franz,
|d 1883-1924
|e συγγραφέας
|
| 245 |
1 |
3 |
|a Στο υπερώο και άλλα διηγήματα /
|c Φράντς Κάφκα ; μετάφραση Δημ. Στ. Δήμου.
|
| 260 |
|
|
|a Αθήνα :
|b Νεφέλη,
|c 1987.
|
| 300 |
|
|
|a 143 σ. ;
|c 17 εκ.
|
| 700 |
1 |
|
|a Δήμου, Δημήτρης Στ.
|9 169574
|e μεταφραστής
|
| 942 |
|
|
|2 ddc
|c BK15
|
| 952 |
|
|
|0 0
|1 0
|2 ddc
|4 0
|6 833_800000000000000_KAF
|7 0
|9 223213
|a THST
|b THST
|d 2018-06-18
|i 011778
|l 0
|o 833.8 KAF
|p 025000014033
|r 2018-06-18 00:00:00
|t 1
|v 2018.00
|w 2018-06-18
|y BK15
|
| 998 |
|
|
|c ΜΑΝΙΑ
|d 2018-06
|
| 999 |
|
|
|c 134916
|d 134916
|